| 000 | 00763nam a2200229Ii 4500 | ||
|---|---|---|---|
| 003 | JO-AjNU | ||
| 008 | 230605s9999||||xx |||||||||||||| ||und|| | ||
| 017 | _a2009/9/4084 | ||
| 020 | _a978-9957-82-006-0 | ||
| 040 |
_aJO-AjNU _bara _erda _cJO-AjNU |
||
| 041 | _aara | ||
| 050 | 1 | 4 | _aLB1027.5.K42 2010 |
| 100 | 3 |
_aالخواجة،عبد الفتاح, _eauthor _928620 |
|
| 245 | 0 | 0 | _aالتدريب العملي في الإرشاد المهني |
| 250 | _aط1 | ||
| 264 | 3 | 1 | _aعمان:دار البداية،2010 |
| 300 | _a273ص | ||
| 336 |
_atext _btxt _2rdacontent |
||
| 337 |
_aunmediated _bn _2rdamedia |
||
| 338 |
_avolume _bnc _2rdacarrier |
||
| 650 | 4 |
_aالإرشاد النفسي-التوجيه التربوي-التوجيه المهني. _928621 |
|
| 999 |
_aA11124 _c14692 _d14692 |
||